[Event "DVM U20 2022"]
[Site "Münster GER"]
[Date "2022.12.27"]
[Round "1"]
[White "Nöldner, Julian"]
[Black "Garbuz, Vitaliy"]
[Result "1-0"]
[Termination "normal"]
[Board "3.1"]
[WhiteElo "2065"]
[BlackElo "2147"]
[WhiteClock "00:20:39"]
[BlackClock "00:18:59"]
[WhiteTeam "Barnimer Schachfreunde im SV Stahl Finow e.V."]
[BlackTeam "Schachfreunde Brackel 1930 e. V."]
[PlyCount "101"]
[WhiteFideId "16218744"]
[BlackFideId "12990710"]
[EventCountry "GER"]
[EventRounds "7"]
[EventType "team-swiss"]
[EventDate "2022.12.26"]

1. e4 {[%clk 01:30:54]} {[%emt 00:00:03]} d5 {[%clk 01:30:53]} {[%emt
00:00:08]} 2. exd5 {[%clk 01:31:18]} {[%emt 00:00:06]} Nf6 {[%clk 01:31:17]}
{[%emt 00:00:06]} 3. Nf3 {[%clk 01:30:23]} {[%emt 00:01:25]} Qxd5 {[%clk
01:31:17]} {[%emt 00:00:30]} 4. d4 {[%clk 01:24:35]} {[%emt 00:06:18]} Bg4
{[%clk 01:31:39]} {[%emt 00:00:08]} 5. Be2 {[%clk 01:24:53]} {[%emt 00:00:12]}
Nc6 {[%clk 01:31:52]} {[%emt 00:00:16]} 6. c4 {[%clk 01:22:28]} {[%emt
00:02:56]} Qf5 {[%clk 01:31:52]} {[%emt 00:00:29]} 7. Be3 {[%clk 01:16:44]}
{[%emt 00:06:13]} O-O-O {[%clk 01:32:00]} {[%emt 00:00:21]} 8. Nc3 {[%clk
01:15:38]} {[%emt 00:01:37]} e5 {[%clk 01:21:20]} {[%emt 00:11:10]} 9. d5
{[%clk 01:15:41]} {[%emt 00:00:27]} e4 {[%clk 01:18:44]} {[%emt 00:03:05]} 10.
Nd4 {[%clk 00:56:31]} {[%emt 00:19:41]} Nxd4 {[%clk 01:16:40]} {[%emt
00:02:34]} 11. Bxg4 {[%clk 00:56:47]} {[%emt 00:00:14]} Qxg4 {[%clk 00:51:05]}
{[%emt 00:26:05]} 12. Qxg4 {[%clk 00:47:01]} {[%emt 00:10:15]} Nxg4 {[%clk
00:51:22]} {[%emt 00:00:14]} 13. Bxd4 {[%clk 00:47:27]} {[%emt 00:00:05]} c5
{[%clk 00:37:11]} {[%emt 00:14:40]} 14. Be3 {[%clk 00:46:34]} {[%emt 00:01:23]}
Ne5 {[%clk 00:36:58]} {[%emt 00:00:43]} 15. b3 {[%clk 00:36:45]} {[%emt
00:10:20]} f5 {[%clk 00:34:34]} {[%emt 00:02:53]} 16. O-O {[%clk 00:35:49]}
{[%emt 00:01:25]} b6 {[%clk 00:34:29]} {[%emt 00:00:36]} 17. Ne2 {[%clk
00:30:09]} {[%emt 00:06:10]} Nd3 {[%clk 00:27:03]} {[%emt 00:07:56]} 18. Bd2
{[%clk 00:21:59]} {[%emt 00:08:41]} Rg8 {[%clk 00:22:59]} {[%emt 00:04:35]} 19.
f3 {[%clk 00:19:50]} {[%emt 00:02:37]} e3 {[%clk 00:18:48]} {[%emt 00:04:41]}
20. Bc3 {[%clk 00:19:50]} {[%emt 00:00:30]} Bd6 {[%clk 00:18:58]} {[%emt
00:00:21]} 21. f4 {[%clk 00:12:37]} {[%emt 00:07:43]} Rde8 {[%clk 00:16:35]}
{[%emt 00:02:53]} 22. Be1 {[%clk 00:08:08]} {[%emt 00:04:59]} Rgf8 {[%clk
00:10:13]} {[%emt 00:06:52]} 23. Rd1 {[%clk 00:07:49]} {[%emt 00:00:48]} Nxe1
{[%clk 00:04:42]} {[%emt 00:06:00]} 24. Rdxe1 {[%clk 00:08:08]} {[%emt
00:00:13]} h6 {[%clk 00:04:01]} {[%emt 00:01:12]} 25. Ng3 {[%clk 00:07:03]}
{[%emt 00:01:34]} g5 {[%clk 00:02:42]} {[%emt 00:01:49]} 26. fxg5 {[%clk
00:04:56]} {[%emt 00:02:37]} f4 {[%clk 00:02:31]} {[%emt 00:00:41]} 27. Nh5
{[%clk 00:04:24]} {[%emt 00:01:01]} hxg5 {[%clk 00:02:48]} {[%emt 00:00:14]}
28. Ng7 {[%clk 00:04:49]} {[%emt 00:00:05]} Re4 {[%clk 00:01:45]} {[%emt
00:01:33]} 29. Ne6 {[%clk 00:03:37]} {[%emt 00:01:41]} Rf5 {[%clk 00:02:10]}
{[%emt 00:00:05]} 30. g4 {[%clk 00:03:20]} {[%emt 00:00:47]} Rfe5 {[%clk
00:02:33]} {[%emt 00:00:07]} 31. Kg2 {[%clk 00:01:26]} {[%emt 00:02:23]} Kd7
{[%clk 00:01:18]} {[%emt 00:01:46]} 32. h4 {[%clk 00:00:58]} {[%emt 00:00:58]}
gxh4 {[%clk 00:00:42]} {[%emt 00:01:07]} 33. Rxf4 {[%clk 00:01:26]} {[%emt
00:00:02]} Rxf4 {[%clk 00:01:00]} {[%emt 00:00:12]} 34. Nxf4 {[%clk 00:01:54]}
{[%emt 00:00:01]} Re4 {[%clk 00:01:13]} {[%emt 00:00:18]} 35. Nh5 {[%clk
00:01:37]} {[%emt 00:00:46]} Rxg4 {[%clk 00:01:40]} {[%emt 00:00:04]} 36. Kf3
{[%clk 00:01:58]} {[%emt 00:00:10]} Rg5 {[%clk 00:00:34]} {[%emt 00:01:36]} 37.
Nf6 {[%clk 00:02:20]} {[%emt 00:00:07]} Kc7 {[%clk 00:00:33]} {[%emt 00:00:32]}
38. Ne8 {[%clk 00:01:44]} {[%emt 00:01:05]} Kd7 {[%clk 00:00:59]} {[%emt
00:00:04]} 39. Nxd6 {[%clk 00:02:05]} {[%emt 00:00:09]} Rg3 {[%clk 00:00:38]}
{[%emt 00:00:52]} 40. Kf4 {[%clk 00:01:46]} {[%emt 00:00:48]} Kxd6 {[%clk
00:01:01]} {[%emt 00:00:07]} 41. Rxe3 {[%clk 00:02:12]} {[%emt 00:00:04]} Rg2
{[%clk 00:25:57]} {[%emt 00:05:35]} 42. a4 {[%clk 00:29:25]} {[%emt 00:03:15]}
a6 {[%clk 00:22:01]} {[%emt 00:04:27]} 43. Re6 {[%clk 00:21:56]} {[%emt
00:07:59]} Kc7 {[%clk 00:21:55]} {[%emt 00:00:35]} 44. Rc6 {[%clk 00:22:08]}
{[%emt 00:00:19]} Kb7 {[%clk 00:22:16]} {[%emt 00:00:08]} 45. Rh6 {[%clk
00:22:14]} {[%emt 00:00:25]} Rg3 {[%clk 00:21:03]} {[%emt 00:01:43]} 46. Ke5
{[%clk 00:20:57]} {[%emt 00:01:46]} h3 {[%clk 00:19:30]} {[%emt 00:02:04]} 47.
Kd6 {[%clk 00:20:47]} {[%emt 00:00:40]} Rxb3 {[%clk 00:18:15]} {[%emt
00:01:45]} 48. Rh7 {[%clk 00:20:42]} {[%emt 00:00:34]} Kc8 {[%clk 00:18:35]}
{[%emt 00:00:10]} 49. Kc6 {[%clk 00:20:55]} {[%emt 00:00:18]} Kd8 {[%clk
00:18:34]} {[%emt 00:00:31]} 50. Rh8 {[%clk 00:20:12]} {[%emt 00:01:12]} Ke7
{[%clk 00:18:59]} {[%emt 00:00:05]} 51. d6 {[%clk 00:20:39]} {[%emt 00:00:03]}
1-0

[Event "DVM U20 2022"]
[Site "Münster GER"]
[Date "2022.12.27"]
[Round "1"]
[White "Kracht, Raphael"]
[Black "Beyer, Lorenz"]
[Result "1-0"]
[Termination "normal"]
[Board "3.2"]
[WhiteElo "2124"]
[BlackElo "1883"]
[WhiteClock "00:02:39"]
[BlackClock "00:09:38"]
[WhiteTeam "Schachfreunde Brackel 1930 e. V."]
[BlackTeam "Barnimer Schachfreunde im SV Stahl Finow e.V."]
[PlyCount "165"]
[WhiteFideId "16214382"]
[BlackFideId "16245393"]
[EventCountry "GER"]
[EventRounds "7"]
[EventType "team-swiss"]
[EventDate "2022.12.26"]

1. e4 {[%clk 01:30:43]} {[%emt 00:00:13]} e6 {[%clk 01:30:46]} {[%emt
00:00:14]} 2. d4 {[%clk 01:31:06]} {[%emt 00:00:07]} d5 {[%clk 01:31:13]}
{[%emt 00:00:03]} 3. Nd2 {[%clk 01:31:31]} {[%emt 00:00:05]} c5 {[%clk
01:31:41]} {[%emt 00:00:03]} 4. exd5 {[%clk 01:31:52]} {[%emt 00:00:09]} Qxd5
{[%clk 01:32:07]} {[%emt 00:00:05]} 5. Ngf3 {[%clk 01:32:14]} {[%emt 00:00:07]}
cxd4 {[%clk 01:32:10]} {[%emt 00:00:26]} 6. Bc4 {[%clk 01:32:38]} {[%emt
00:00:06]} Qd6 {[%clk 01:32:36]} {[%emt 00:00:05]} 7. O-O {[%clk 01:33:02]}
{[%emt 00:00:06]} Nf6 {[%clk 01:32:09]} {[%emt 00:00:57]} 8. Nb3 {[%clk
01:27:43]} {[%emt 00:05:49]} Nc6 {[%clk 01:30:28]} {[%emt 00:02:11]} 9. Nbxd4
{[%clk 01:27:57]} {[%emt 00:00:15]} Nxd4 {[%clk 01:30:39]} {[%emt 00:00:19]}
10. Nxd4 {[%clk 01:28:20]} {[%emt 00:00:08]} a6 {[%clk 01:30:59]} {[%emt
00:00:11]} 11. Re1 {[%clk 01:28:39]} {[%emt 00:00:10]} Be7 {[%clk 01:31:09]}
{[%emt 00:00:20]} 12. c3 {[%clk 01:19:00]} {[%emt 00:10:09]} O-O {[%clk
01:28:49]} {[%emt 00:02:51]} 13. Qf3 {[%clk 01:18:32]} {[%emt 00:00:57]} Qc7
{[%clk 01:24:55]} {[%emt 00:04:25]} 14. Bd3 {[%clk 01:09:41]} {[%emt 00:09:21]}
Bd6 {[%clk 01:17:32]} {[%emt 00:07:51]} 15. Bg5 {[%clk 01:07:15]} {[%emt
00:02:57]} Bxh2 {[%clk 01:10:07]} {[%emt 00:07:56]} 16. Kh1 {[%clk 01:05:29]}
{[%emt 00:02:16]} Be5 {[%clk 01:09:40]} {[%emt 00:00:57]} 17. Qh3 {[%clk
01:03:58]} {[%emt 00:02:00]} h5 {[%clk 01:03:49]} {[%emt 00:06:20]} 18. Nf3
{[%clk 00:55:22]} {[%emt 00:09:06]} Ng4 {[%clk 00:59:37]} {[%emt 00:04:42]} 19.
Bh7 {[%clk 00:55:23]} {[%emt 00:00:29]} Kxh7 {[%clk 00:57:22]} {[%emt
00:02:44]} 20. Qxh5 {[%clk 00:53:16]} {[%emt 00:02:37]} Kg8 {[%clk 00:55:24]}
{[%emt 00:02:28]} 21. Qxg4 {[%clk 00:53:39]} {[%emt 00:00:07]} f5 {[%clk
00:54:36]} {[%emt 00:01:18]} 22. Qh4 {[%clk 00:50:56]} {[%emt 00:03:12]} Bf6
{[%clk 00:54:31]} {[%emt 00:00:36]} 23. Rad1 {[%clk 00:42:42]} {[%emt
00:08:44]} Bd7 {[%clk 00:51:25]} {[%emt 00:03:37]} 24. Kg1 {[%clk 00:40:52]}
{[%emt 00:02:18]} Rae8 {[%clk 00:46:23]} {[%emt 00:05:31]} 25. Qh5 {[%clk
00:15:40]} {[%emt 00:25:42]} Bc6 {[%clk 00:43:06]} {[%emt 00:03:48]} 26. Nh4
{[%clk 00:15:05]} {[%emt 00:01:04]} Bxg5 {[%clk 00:38:24]} {[%emt 00:05:12]}
27. Qxg5 {[%clk 00:15:30]} {[%emt 00:00:06]} Rf6 {[%clk 00:38:24]} {[%emt
00:00:30]} 28. Re3 {[%clk 00:06:19]} {[%emt 00:09:41]} Rh6 {[%clk 00:30:47]}
{[%emt 00:08:06]} 29. Rde1 {[%clk 00:02:35]} {[%emt 00:04:15]} Qf7 {[%clk
00:26:24]} {[%emt 00:04:52]} 30. Nf3 {[%clk 00:02:40]} {[%emt 00:00:25]} Rg6
{[%clk 00:21:03]} {[%emt 00:05:51]} 31. Qh4 {[%clk 00:02:17]} {[%emt 00:00:52]}
Rg4 {[%clk 00:20:28]} {[%emt 00:01:05]} 32. Qh3 {[%clk 00:02:41]} {[%emt
00:00:07]} Qf6 {[%clk 00:13:35]} {[%emt 00:07:21]} 33. g3 {[%clk 00:01:44]}
{[%emt 00:01:29]} Bxf3 {[%clk 00:13:18]} {[%emt 00:00:47]} 34. Rxf3 {[%clk
00:02:08]} {[%emt 00:00:06]} Qg5 {[%clk 00:13:27]} {[%emt 00:00:21]} 35. Rfe3
{[%clk 00:01:36]} {[%emt 00:01:02]} f4 {[%clk 00:10:46]} {[%emt 00:03:11]} 36.
Re5 {[%clk 00:01:40]} {[%emt 00:00:26]} Qg6 {[%clk 00:10:54]} {[%emt 00:00:21]}
37. Kh2 {[%clk 00:02:04]} {[%emt 00:00:06]} Kf7 {[%clk 00:04:19]} {[%emt
00:07:05]} 38. R1e2 {[%clk 00:01:49]} {[%emt 00:00:46]} Re7 {[%clk 00:02:59]}
{[%emt 00:01:51]} 39. Kg2 {[%clk 00:01:47]} {[%emt 00:00:32]} Re8 {[%clk
00:02:54]} {[%emt 00:00:35]} 40. R2e4 {[%clk 00:01:16]} {[%emt 00:01:00]} Kg8
{[%clk 00:01:18]} {[%emt 00:02:07]} 41. Kf3 {[%clk 00:20:54]} {[%emt 00:10:52]}
Rg5 {[%clk 00:30:05]} {[%emt 00:01:43]} 42. Rxe6 {[%clk 00:18:14]} {[%emt
00:03:10]} Rxe6 {[%clk 00:29:52]} {[%emt 00:00:43]} 43. Qxe6 {[%clk 00:18:33]}
{[%emt 00:00:10]} Qxe6 {[%clk 00:30:17]} {[%emt 00:00:06]} 44. Rxe6 {[%clk
00:18:59]} {[%emt 00:00:04]} fxg3 {[%clk 00:30:36]} {[%emt 00:00:11]} 45. fxg3
{[%clk 00:19:18]} {[%emt 00:00:11]} Rb5 {[%clk 00:30:47]} {[%emt 00:00:19]} 46.
b4 {[%clk 00:15:41]} {[%emt 00:04:07]} Kf7 {[%clk 00:31:10]} {[%emt 00:00:07]}
47. Rd6 {[%clk 00:14:32]} {[%emt 00:01:38]} Ke7 {[%clk 00:31:12]} {[%emt
00:00:29]} 48. Rg6 {[%clk 00:14:46]} {[%emt 00:00:16]} Kf7 {[%clk 00:31:35]}
{[%emt 00:00:07]} 49. Rg4 {[%clk 00:15:07]} {[%emt 00:00:09]} Kf6 {[%clk
00:29:40]} {[%emt 00:02:26]} 50. Ke3 {[%clk 00:09:07]} {[%emt 00:06:29]} Rd5
{[%clk 00:23:05]} {[%emt 00:07:06]} 51. Rf4 {[%clk 00:07:35]} {[%emt 00:02:03]}
Ke6 {[%clk 00:20:00]} {[%emt 00:03:36]} 52. Re4 {[%clk 00:07:44]} {[%emt
00:00:20]} Kf6 {[%clk 00:20:07]} {[%emt 00:00:24]} 53. Rd4 {[%clk 00:04:41]}
{[%emt 00:03:32]} Rg5 {[%clk 00:19:13]} {[%emt 00:01:24]} 54. g4 {[%clk
00:04:55]} {[%emt 00:00:16]} Ke6 {[%clk 00:19:20]} {[%emt 00:00:23]} 55. Kf4
{[%clk 00:04:28]} {[%emt 00:00:57]} Rb5 {[%clk 00:17:57]} {[%emt 00:01:54]} 56.
Rc4 {[%clk 00:02:29]} {[%emt 00:02:29]} g5 {[%clk 00:12:47]} {[%emt 00:05:39]}
57. Ke4 {[%clk 00:02:09]} {[%emt 00:00:50]} Re5 {[%clk 00:12:28]} {[%emt
00:00:50]} 58. Kd3 {[%clk 00:02:33]} {[%emt 00:00:06]} Kd7 {[%clk 00:09:53]}
{[%emt 00:03:05]} 59. Re4 {[%clk 00:01:49]} {[%emt 00:01:13]} Rb5 {[%clk
00:10:09]} {[%emt 00:00:15]} 60. a4 {[%clk 00:02:05]} {[%emt 00:00:14]} Rb6
{[%clk 00:10:32]} {[%emt 00:00:08]} 61. Re5 {[%clk 00:02:07]} {[%emt 00:00:28]}
Rd6 {[%clk 00:10:38]} {[%emt 00:00:23]} 62. Kc4 {[%clk 00:02:16]} {[%emt
00:00:20]} Rg6 {[%clk 00:11:00]} {[%emt 00:00:09]} 63. a5 {[%clk 00:02:09]}
{[%emt 00:00:37]} Kc6 {[%clk 00:11:07]} {[%emt 00:00:21]} 64. Rc5 {[%clk
00:02:02]} {[%emt 00:00:39]} Kd6 {[%clk 00:11:27]} {[%emt 00:00:10]} 65. Kd4
{[%clk 00:02:14]} {[%emt 00:00:18]} Rg7 {[%clk 00:11:17]} {[%emt 00:00:40]} 66.
Rd5 {[%clk 00:02:21]} {[%emt 00:00:24]} Ke6 {[%clk 00:11:06]} {[%emt 00:00:41]}
67. Re5 {[%clk 00:02:18]} {[%emt 00:00:33]} Kd6 {[%clk 00:10:57]} {[%emt
00:00:40]} 68. Rf5 {[%clk 00:02:24]} {[%emt 00:00:24]} Rg6 {[%clk 00:09:52]}
{[%emt 00:01:34]} 69. c4 {[%clk 00:01:43]} {[%emt 00:01:12]} Rg7 {[%clk
00:09:58]} {[%emt 00:00:24]} 70. Rf6 {[%clk 00:01:11]} {[%emt 00:01:02]} Kc7
{[%clk 00:10:16]} {[%emt 00:00:12]} 71. Kc5 {[%clk 00:01:14]} {[%emt 00:00:26]}
Re7 {[%clk 00:10:36]} {[%emt 00:00:09]} 72. Rf5 {[%clk 00:01:39]} {[%emt
00:00:05]} Rg7 {[%clk 00:10:56]} {[%emt 00:00:10]} 73. b5 {[%clk 00:01:57]}
{[%emt 00:00:12]} axb5 {[%clk 00:10:39]} {[%emt 00:00:47]} 74. cxb5 {[%clk
00:02:21]} {[%emt 00:00:05]} b6 {[%clk 00:10:51]} {[%emt 00:00:19]} 75. axb6
{[%clk 00:02:46]} {[%emt 00:00:05]} Kb7 {[%clk 00:11:18]} {[%emt 00:00:03]} 76.
Re5 {[%clk 00:02:17]} {[%emt 00:00:59]} Kc8 {[%clk 00:11:12]} {[%emt 00:00:35]}
77. Kb4 {[%clk 00:02:17]} {[%emt 00:00:30]} Kb8 {[%clk 00:11:19]} {[%emt
00:00:24]} 78. Ka5 {[%clk 00:02:34]} {[%emt 00:00:13]} Kb7 {[%clk 00:11:37]}
{[%emt 00:00:12]} 79. Rf5 {[%clk 00:02:51]} {[%emt 00:00:12]} Ka8 {[%clk
00:12:01]} {[%emt 00:00:06]} 80. Rc5 {[%clk 00:02:24]} {[%emt 00:00:57]} Kb8
{[%clk 00:09:56]} {[%emt 00:02:36]} 81. Ka6 {[%clk 00:02:20]} {[%emt 00:00:33]}
Rg8 {[%clk 00:09:35]} {[%emt 00:00:51]} 82. b7 {[%clk 00:02:16]} {[%emt
00:00:34]} Rg6 {[%clk 00:09:38]} {[%emt 00:00:27]} 83. Rc6 {[%clk 00:02:39]}
{[%emt 00:00:06]} 1-0

[Event "DVM U20 2022"]
[Site "Münster GER"]
[Date "2022.12.27"]
[Round "1"]
[White "Straßburg, Robin Leonard"]
[Black "Kartsev, Nikolay"]
[Result "0-1"]
[Termination "normal"]
[Board "3.3"]
[WhiteElo "1781"]
[BlackElo "2074"]
[WhiteClock "00:05:56"]
[BlackClock "00:46:24"]
[WhiteTeam "Barnimer Schachfreunde im SV Stahl Finow e.V."]
[BlackTeam "Schachfreunde Brackel 1930 e. V."]
[PlyCount "48"]
[WhiteFideId "16210018"]
[BlackFideId "12939536"]
[EventCountry "GER"]
[EventRounds "7"]
[EventType "team-swiss"]
[EventDate "2022.12.26"]

1. d4 {[%clk 01:30:57]} {[%emt 00:00:03]} d5 {[%clk 01:28:50]} {[%emt
00:02:10]} 2. Bf4 {[%clk 01:31:18]} {[%emt 00:00:09]} c5 {[%clk 01:29:01]}
{[%emt 00:00:17]} 3. e3 {[%clk 01:31:41]} {[%emt 00:00:08]} Nc6 {[%clk
01:29:23]} {[%emt 00:00:08]} 4. c3 {[%clk 01:32:04]} {[%emt 00:00:07]} Qb6
{[%clk 01:29:40]} {[%emt 00:00:13]} 5. Qb3 {[%clk 01:29:45]} {[%emt 00:02:50]}
c4 {[%clk 01:29:33]} {[%emt 00:00:36]} 6. Qc2 {[%clk 01:26:26]} {[%emt
00:03:49]} e5 {[%clk 01:26:07]} {[%emt 00:03:55]} 7. dxe5 {[%clk 01:21:17]}
{[%emt 00:05:40]} Bf5 {[%clk 01:26:14]} {[%emt 00:00:23]} 8. Qc1 {[%clk
01:16:06]} {[%emt 00:05:42]} g5 {[%clk 01:24:38]} {[%emt 00:02:05]} 9. Bg3
{[%clk 01:06:53]} {[%emt 00:09:43]} h5 {[%clk 01:24:08]} {[%emt 00:01:00]} 10.
h4 {[%clk 01:06:45]} {[%emt 00:00:39]} g4 {[%clk 01:24:31]} {[%emt 00:00:06]}
11. Ne2 {[%clk 01:06:34]} {[%emt 00:00:41]} Bg7 {[%clk 01:22:51]} {[%emt
00:02:10]} 12. Nd4 {[%clk 01:05:38]} {[%emt 00:01:26]} Nge7 {[%clk 01:22:43]}
{[%emt 00:00:37]} 13. Na3 {[%clk 00:54:13]} {[%emt 00:11:55]} Bxe5 {[%clk
01:15:53]} {[%emt 00:07:19]} 14. Bxe5 {[%clk 00:51:30]} {[%emt 00:03:14]} Nxe5
{[%clk 01:16:13]} {[%emt 00:00:09]} 15. Nxf5 {[%clk 00:51:14]} {[%emt
00:00:47]} Nxf5 {[%clk 01:16:39]} {[%emt 00:00:03]} 16. Nc2 {[%clk 00:50:34]}
{[%emt 00:01:11]} g3 {[%clk 01:11:50]} {[%emt 00:05:19]} 17. f3 {[%clk
00:38:42]} {[%emt 00:12:22]} O-O-O {[%clk 00:58:30]} {[%emt 00:13:48]} 18. b4
{[%clk 00:13:01]} {[%emt 00:26:13]} Nd3 {[%clk 00:49:45]} {[%emt 00:09:15]} 19.
Bxd3 {[%clk 00:13:19]} {[%emt 00:00:12]} cxd3 {[%clk 00:50:13]} {[%emt
00:00:02]} 20. Nd4 {[%clk 00:11:53]} {[%emt 00:01:57]} Nxe3 {[%clk 00:49:41]}
{[%emt 00:01:01]} 21. Kd2 {[%clk 00:11:10]} {[%emt 00:01:14]} Rhe8 {[%clk
00:47:19]} {[%emt 00:02:52]} 22. Kxd3 {[%clk 00:05:10]} {[%emt 00:06:30]} Qg6
{[%clk 00:45:53]} {[%emt 00:01:57]} 23. Kd2 {[%clk 00:05:34]} {[%emt 00:00:06]}
Nc4 {[%clk 00:46:00]} {[%emt 00:00:22]} 24. Kd1 {[%clk 00:05:56]} {[%emt
00:00:08]} Qd3 {[%clk 00:46:24]} {[%emt 00:00:05]} 0-1

[Event "DVM U20 2022"]
[Site "Münster GER"]
[Date "2022.12.27"]
[Round "1"]
[White "Skabs, Denis"]
[Black "Hoffmann, Kay"]
[Result "1-0"]
[Termination "normal"]
[Board "3.4"]
[WhiteElo "2021"]
[BlackElo "1708"]
[WhiteClock "00:04:33"]
[BlackClock "00:12:57"]
[WhiteTeam "Schachfreunde Brackel 1930 e. V."]
[BlackTeam "Barnimer Schachfreunde im SV Stahl Finow e.V."]
[PlyCount "91"]
[WhiteFideId "16248449"]
[BlackFideId "16227000"]
[EventCountry "GER"]
[EventRounds "7"]
[EventType "team-swiss"]
[EventDate "2022.12.26"]

1. e4 {[%clk 01:30:56]} {[%emt 00:00:04]} g6 {[%clk 01:30:03]} {[%emt
00:00:56]} 2. d4 {[%clk 01:30:12]} {[%emt 00:01:14]} Bg7 {[%clk 01:30:26]}
{[%emt 00:00:07]} 3. c3 {[%clk 01:28:38]} {[%emt 00:02:04]} d6 {[%clk
01:30:27]} {[%emt 00:00:29]} 4. Bd3 {[%clk 01:23:27]} {[%emt 00:05:41]} Nf6
{[%clk 01:30:47]} {[%emt 00:00:10]} 5. Ne2 {[%clk 01:22:52]} {[%emt 00:01:04]}
Nbd7 {[%clk 01:30:40]} {[%emt 00:00:37]} 6. O-O {[%clk 01:21:57]} {[%emt
00:01:24]} O-O {[%clk 01:30:52]} {[%emt 00:00:19]} 7. f4 {[%clk 01:20:34]}
{[%emt 00:01:52]} e5 {[%clk 01:25:49]} {[%emt 00:05:34]} 8. fxe5 {[%clk
01:19:00]} {[%emt 00:02:05]} dxe5 {[%clk 01:26:11]} {[%emt 00:00:07]} 9. Bg5
{[%clk 01:15:08]} {[%emt 00:04:21]} c5 {[%clk 01:18:54]} {[%emt 00:07:48]} 10.
Nd2 {[%clk 00:43:17]} {[%emt 00:32:21]} cxd4 {[%clk 01:13:46]} {[%emt
00:05:38]} 11. cxd4 {[%clk 00:43:39]} {[%emt 00:00:08]} exd4 {[%clk 01:11:00]}
{[%emt 00:03:17]} 12. Nc4 {[%clk 00:41:38]} {[%emt 00:02:30]} Qe8 {[%clk
01:06:22]} {[%emt 00:05:08]} 13. Ng3 {[%clk 00:27:52]} {[%emt 00:14:16]} h6
{[%clk 01:04:04]} {[%emt 00:02:48]} 14. Bf4 {[%clk 00:27:55]} {[%emt 00:00:27]}
Nc5 {[%clk 01:02:25]} {[%emt 00:02:09]} 15. Bd6 {[%clk 00:25:42]} {[%emt
00:02:43]} Bg4 {[%clk 00:58:04]} {[%emt 00:04:51]} 16. Qc2 {[%clk 00:23:49]}
{[%emt 00:02:24]} Rc8 {[%clk 00:57:30]} {[%emt 00:01:04]} 17. Bxf8 {[%clk
00:23:49]} {[%emt 00:00:30]} Qxf8 {[%clk 00:52:52]} {[%emt 00:05:08]} 18. e5
{[%clk 00:23:33]} {[%emt 00:00:45]} Nxd3 {[%clk 00:51:07]} {[%emt 00:02:15]}
19. Qxd3 {[%clk 00:21:51]} {[%emt 00:02:12]} Nd7 {[%clk 00:51:23]} {[%emt
00:00:13]} 20. Qxd4 {[%clk 00:19:05]} {[%emt 00:03:16]} Be6 {[%clk 00:49:46]}
{[%emt 00:02:07]} 21. Rac1 {[%clk 00:17:54]} {[%emt 00:01:42]} Qb4 {[%clk
00:49:11]} {[%emt 00:01:05]} 22. b3 {[%clk 00:16:35]} {[%emt 00:01:50]} Nxe5
{[%clk 00:46:45]} {[%emt 00:02:57]} 23. Qd6 {[%emt 00:01:19]} Qb5 {[%clk
00:34:34]} {[%emt 00:12:39]} 24. Nxe5 {[%clk 00:13:59]} {[%emt 00:02:19]} Rxc1
{[%clk 00:34:59]} {[%emt 00:00:05]} 25. Rxc1 {[%clk 00:14:24]} {[%emt
00:00:05]} Bxe5 {[%clk 00:35:25]} {[%emt 00:00:04]} 26. Rc5 {[%clk 00:10:12]}
{[%emt 00:04:43]} Bxd6 {[%clk 00:33:18]} {[%emt 00:02:37]} 27. Rxb5 {[%clk
00:10:37]} {[%emt 00:00:05]} b6 {[%clk 00:32:47]} {[%emt 00:01:01]} 28. Ne4
{[%clk 00:10:51]} {[%emt 00:00:16]} Be7 {[%clk 00:32:18]} {[%emt 00:00:59]} 29.
Re5 {[%clk 00:10:21]} {[%emt 00:01:00]} Kf8 {[%clk 00:31:47]} {[%emt 00:01:02]}
30. Nd2 {[%clk 00:09:05]} {[%emt 00:01:46]} Bf6 {[%clk 00:30:03]} {[%emt
00:02:13]} 31. Re2 {[%clk 00:09:22]} {[%emt 00:00:13]} Bd4 {[%clk 00:28:41]}
{[%emt 00:01:52]} 32. Kf1 {[%clk 00:09:37]} {[%emt 00:00:15]} Ke7 {[%clk
00:26:36]} {[%emt 00:02:35]} 33. Nf3 {[%clk 00:08:18]} {[%emt 00:01:49]} Bf6
{[%clk 00:25:10]} {[%emt 00:01:55]} 34. Rc2 {[%clk 00:07:11]} {[%emt 00:01:38]}
Kd7 {[%clk 00:24:12]} {[%emt 00:01:28]} 35. Ke2 {[%clk 00:07:25]} {[%emt
00:00:16]} g5 {[%clk 00:20:17]} {[%emt 00:04:24]} 36. Ke3 {[%clk 00:05:50]}
{[%emt 00:02:06]} Be7 {[%clk 00:15:24]} {[%emt 00:05:23]} 37. Ne5 {[%clk
00:04:20]} {[%emt 00:02:00]} Kd6 {[%clk 00:15:45]} {[%emt 00:00:09]} 38. Nc6
{[%clk 00:02:49]} {[%emt 00:02:00]} a5 {[%clk 00:14:08]} {[%emt 00:02:07]} 39.
Nxe7 {[%clk 00:02:47]} {[%emt 00:00:33]} Kxe7 {[%clk 00:14:34]} {[%emt
00:00:04]} 40. Rc6 {[%clk 00:02:48]} {[%emt 00:00:29]} b5 {[%clk 00:12:15]}
{[%emt 00:02:49]} 41. Ra6 {[%clk 00:03:04]} {[%emt 00:00:14]} a4 {[%clk
00:12:37]} {[%emt 00:00:08]} 42. bxa4 {[%clk 00:03:15]} {[%emt 00:00:19]} Bxa2
{[%clk 00:12:59]} {[%emt 00:00:08]} 43. axb5 {[%clk 00:03:34]} {[%emt
00:00:11]} Bc4 {[%clk 00:13:25]} {[%emt 00:00:04]} 44. Ra7 {[%clk 00:03:46]}
{[%emt 00:00:18]} Kd6 {[%clk 00:12:31]} {[%emt 00:01:24]} 45. b6 {[%clk
00:04:08]} {[%emt 00:00:09]} Kc6 {[%clk 00:12:57]} {[%emt 00:00:03]} 46. Rc7
{[%clk 00:04:33]} {[%emt 00:00:06]} 1-0